000 00416nam a2200169Ia 4500
005 20140403145427.0
008 140130s9999 xx 000 0 und d
050 _aPZ 7
_b.L345Si 2004
245 _cLasky, Kathryn
_aSiege, the (lasky)
260 _bScholastic,
_c2004
300 _a203 p. :
_bill., map ;
_c20 cm.
440 _v1
_931174
521 _aG6
526 _c840
942 _cBK
_2lcc
999 _c41215
_d41215